MARC
| LEADER | 00000nam a2200000Ia 4500 | ||
|---|---|---|---|
| 008 | 170316s9999 xx 000 0 und d | ||
| 040 | |a cru BVZT | ||
| 090 | |a 891 D-1a | ||
| 100 | |a Daskalov, Stoyan | ||
| 245 | |a Autumn hay and other short stories | ||
| 260 | |a [Lugar de publicación no identificado] | ||
| 260 | |b Sofia | ||
| 260 | |c [s.f.] | ||
| 300 | |a 375 páginas | ||
| 650 | |a LITERATURA RUSA | ||
| 999 | |c 12017 |d 12017 | ||
| 942 | |c 15 D |h 891 D-1a |2 z | ||
